Statistics for All 5-Letter Words Starting with "A"

Click here to take the quiz!

General Stats

  • This quiz has been taken 289 times
    (97 since last reset)
  • The average score is 97 of 534

Answer Stats

Word% Correct
apple
83%
after
74%
anger
65%
about
63%
added
63%
allow
63%
aches
60%
angle
60%
armor
60%
ables
58%
actor
58%
again
58%
arrow
58%
aware
58%
angel
57%
ankle
57%
acorn
55%
adder
55%
aimed
55%
ample
54%
armed
54%
alter
52%
asked
52%
a****
51%
ached
51%
along
51%
apply
51%
ashes
51%
axels
51%
abbey
49%
align
49%
alley
49%
angry
49%
aster
49%
attic
49%
acted
48%
allay
48%
allot
48%
amber
48%
argue
48%
azure
48%
alloy
46%
alone
46%
amass
46%
among
46%
awake
46%
axles
46%
abort
45%
adore
45%
ailed
45%
annoy
45%
aquas
45%
arise
45%
abbot
43%
agree
43%
aired
43%
areas
43%
ashen
43%
aunts
43%
abled
42%
above
42%
adept
42%
agile
42%
aging
42%
altar
42%
arose
42%
asker
42%
asset
42%
avert
42%
abide
40%
alike
40%
amble
40%
apart
40%
abate
38%
abets
38%
acids
38%
acres
38%
aided
38%
aimer
38%
alert
38%
alien
38%
amend
38%
auras
38%
abhor
37%
abode
37%
adorn
37%
alarm
37%
amaze
37%
ammos
37%
amuse
37%
aorta
37%
ashed
37%
avers
37%
award
37%
awful
37%
aback
35%
abler
35%
adapt
35%
adopt
35%
alive
35%
aloof
35%
amiss
35%
arbor
35%
artsy
35%
askew
35%
aspen
35%
avail
35%
agent
34%
annex
34%
antes
34%
antis
34%
arena
34%
atoms
34%
await
34%
awash
34%
axiom
34%
abase
32%
addle
32%
altos
32%
amids
32%
audio
32%
avoid
32%
axing
32%
abash
31%
acute
31%
ahead
31%
aider
31%
algae
31%
amped
31%
anvil
31%
aping
31%
apron
31%
arson
31%
avian
31%
awned
31%
a****
29%
abuse
29%
agape
29%
agate
29%
aides
29%
aisle
29%
aloft
29%
angst
29%
awoke
29%
acing
28%
admit
28%
amens
28%
anime
28%
annul
28%
argon
28%
abuts
26%
adage
26%
agers
26%
aline
26%
ardor
26%
armer
26%
aside
26%
aunty
26%
abbas
25%
abyss
25%
acrid
25%
adobe
25%
album
25%
aloes
25%
amply
25%
antsy
25%
aphid
25%
array
25%
atlas
25%
atone
25%
audit
25%
aural
25%
avows
25%
affix
23%
aggro
23%
aglow
23%
agony
23%
alder
23%
alias
23%
alibi
23%
almas
23%
aloud
23%
alpha
23%
alway
23%
aptly
23%
assay
23%
atoll
23%
auger
23%
achoo
22%
admin
22%
airer
22%
alack
22%
amino
22%
annal
22%
anted
22%
antic
22%
apers
22%
appal
22%
arced
22%
autos
22%
avast
22%
awing
22%
actin
20%
afars
20%
alums
20%
amity
20%
arias
20%
axled
20%
adieu
18%
adult
18%
afire
18%
agars
18%
agora
18%
amigo
18%
amour
18%
anima
18%
anise
18%
areal
18%
aroma
18%
aspic
18%
avant
18%
acnes
17%
acros
17%
afore
17%
afros
17%
agave
17%
agist
17%
agone
17%
alamo
17%
appel
17%
ariel
17%
ascot
17%
axion
17%
axons
17%
acred
15%
adits
15%
alfas
15%
amoks
15%
ancho
15%
anode
15%
axial
15%
agros
14%
agues
14%
alans
14%
albas
14%
ambit
14%
anglo
14%
apres
14%
apses
14%
apter
14%
argot
14%
acmes
12%
agger
12%
aggie
12%
aloha
12%
ambos
12%
amice
12%
amine
12%
anile
12%
annas
12%
apian
12%
aport
12%
asper
12%
augur
12%
awols
12%
aahed
11%
abbes
11%
acais
11%
adios
11%
adzes
11%
aghas
11%
aglet
11%
aitch
11%
aland
11%
algas
11%
allod
11%
amide
11%
amuck
11%
anils
11%
arete
11%
arvos
11%
astir
11%
atomy
11%
atria
11%
afoul
9%
ahold
9%
alane
9%
amici
9%
amido
9%
amiga
9%
amins
9%
amirs
9%
ankhs
9%
antre
9%
apnea
9%
argus
9%
attar
9%
aught
9%
aurar
9%
avens
9%
avion
9%
axile
9%
axils
9%
aargh
8%
abeam
8%
acidy
8%
acned
8%
agaze
8%
agons
8%
aiver
8%
alang
8%
alate
8%
algin
8%
ameer
8%
amies
8%
amole
8%
amort
8%
animi
8%
antas
8%
antra
8%
apery
8%
argal
8%
arles
8%
abaci
6%
abaft
6%
aboil
6%
aboon
6%
admen
6%
adobo
6%
adzed
6%
aegis
6%
aerie
6%
afoot
6%
agios
6%
agita
6%
agley
6%
agloo
6%
agued
6%
aioli
6%
alant
6%
alary
6%
aleph
6%
algal
6%
alist
6%
amain
6%
amnio
6%
ampul
6%
amyls
6%
angas
6%
anion
6%
apace
6%
aquae
6%
arcus
6%
arene
6%
argle
6%
argol
6%
arils
6%
artal
6%
arval
6%
atony
6%
auris
6%
axite
6%
axone
6%
abaca
5%
abaya
5%
aboma
5%
ackee
5%
adman
5%
aeons
5%
agama
5%
aglus
5%
algor
5%
alifs
5%
alkie
5%
almes
5%
aloin
5%
ambry
5%
ameba
5%
ament
5%
andro
5%
anent
5%
ankus
5%
anlas
5%
aphis
5%
apods
5%
archi
5%
armet
5%
arras
5%
aurae
5%
aures
5%
auric
5%
axman
5%
azans
5%
azine
5%
aalii
3%
abele
3%
abris
3%
abuzz
3%
acerb
3%
acyls
3%
adbot
3%
admix
3%
adown
3%
afrit
3%
agism
3%
aglee
3%
agmas
3%
agria
3%
ajuga
3%
akees
3%
alecs
3%
alefs
3%
aliya
3%
allee
3%
allyl
3%
almah
3%
almeh
3%
amias
3%
amnia
3%
amnic
3%
anele
3%
anole
3%
anomy
3%
ansae
3%
antae
3%
apeak
3%
apish
3%
araks
3%
areca
3%
arepa
3%
argil
3%
arris
3%
arroz
3%
arsis
3%
arums
3%
aryls
3%
asana
3%
askoi
3%
askos
3%
aspis
3%
asura
3%
aswim
3%
ataps
3%
ataxy
3%
atmas
3%
atopy
3%
atrip
3%
aulic
3%
aurum
3%
aviso
3%
axmen
3%
ayahs
3%
ayins
3%
azido
3%
azlon
3%
azole
3%
azoth
3%
abaka
2%
abamp
2%
abmho
2%
abohm
2%
abyes
2%
abysm
2%
acari
2%
aceta
2%
acini
2%
acmic
2%
acock
2%
acold
2%
addax
2%
adeem
2%
adoze
2%
adunc
2%
adust
2%
adyta
2%
aecia
2%
aedes
2%
agene
2%
ahing
2%
ahull
2%
airns
2%
airth
2%
airts
2%
aiyee
2%
ajies
2%
ajiva
2%
akela
2%
akene
2%
alcid
2%
aldol
2%
algid
2%
algum
2%
alkyd
2%
alkyl
2%
almud
2%
almug
2%
altho
2%
alula
2%
alvar
2%
amahs
2%
amrit
2%
ancon
2%
anear
2%
anoas
2%
anura
2%
anyon
2%
apeek
2%
apsis
2%
arame
2%
ardeb
2%
areae
2%
areic
2%
arhat
2%
aroid
2%
arpen
2%
artel
2%
ascon
2%
ascus
2%
asdic
2%
assai
2%
asyla
2%
atigi
2%
atilt
2%
atman
2%
audad
2%
aurei
2%
auxin
2%
avgas
2%
ayaya
2%
azide
2%
azoic
2%
azons
2%
azote
2%
azuki
2%

Score Distribution

Percentile by Number Answered

Percent of People with Each Score

Your Score History

You have not taken this quiz since the last reset